Wrestling Firsts - AEW - Statistics

General Stats
  • This quiz has been taken 52 times
  • The average score is 11 of 27
Answer Stats
Hint Answer % Correct
AEW World Champion Chris Jericho
100%
AEW TNT Champion Cody Rhodes
88%
AEW International Champion Pac
72%
Tag Team Casino Battle Royal Winner Pac
72%
AEW TBS Champion Jade Cargill
63%
AEW Women's World Champion Riho
63%
AEW World Trios Champion Kenny Omega
60%
AEW National Champion Ricochet
60%
Matt Jackson
58%
Nick Jackson
58%
AEW Unified Champion Kazuchika Okada
53%
Scorpio Sky
53%
AEW Women's World Tag Team Champion Willow Nightingale
49%
AEW World Tag Team Frankie Kazarian
47%
AEW Continental Champion Eddie Kingston
44%
Harley Cameron
44%
Rey Fenix
33%
Men's Casino Battle Royal Winner "Hangman" Adam Page
28%
Women's Casino Battle Royal Winner Nyla Rose
19%
Women's Casino Gauntlet Winner Toni Storm
16%
Men's Casino Gauntlet Winner Will Ospreay
14%
Tag Team Casino Gauntlet Winner Will Ospreay
14%
Casino Ladder Match Winner Brian Cage
5%
Trios Casino Battle Royal Winner AR Fox
2%
Dante Martin
2%
Darius Martin
2%
Kyle Fletcher
2%
No matching quizzes found
Score Distribution
Percent of People with Each Score
Percentile by Number Answered
Your Score History
You have not taken this quiz